Política de gestión y recaudación tributaria periodo 2004 - 2006 del municipio de San Nicolás

Presenta la evaluación de la aplicabilidad de la política de gestión y recaudación tributaria local que deriva en la propuesta de estrategias para el logro de una mayor efectividad y eficiencia en la gestión y recaudación tributaria en previsión a los nuevos retos del desarrollo financiero de...

Full description

Bibliographic Details
Main Authors: Ruiz, Ada Francisca, Machado Rizo, Damacio, García Sánchez, Alberto
Other Authors: Tutor: Guzmán, Luis Humberto
Format: Tesis Section = Libro
Language:Undetermined
Spanish
Published: Managua UNI 2008
Subjects:
LEADER 01210nam a2200253Ia 4500
008 240830s9999 xx 000 0 und d
040 |a BIBLIOTECA-RUSB/ T.Mon 351.724 R934 
041 |a spa 
082 |a T.Mon 351.724 R934 
100 1 |a Ruiz, Ada Francisca 
100 1 |b  Machado Rizo, Damacio 
100 1 |c  García Sánchez, Alberto 
245 1 0 |a Política de gestión y recaudación tributaria periodo 2004 - 2006 del municipio de San Nicolás 
260 |a Managua  |b UNI  |c 2008 
300 |a 112 p. :il. 
502 |a Tesis (Máster en Administración de Políticas Públicas) - UNI, 2008. 
520 3 |a Presenta la evaluación de la aplicabilidad de la política de gestión y recaudación tributaria local que deriva en la propuesta de estrategias para el logro de una mayor efectividad y eficiencia en la gestión y recaudación tributaria en previsión a los nuevos retos del desarrollo financiero del municipio de San Nicolás de Oriente. 
650 7 |a ADMINISTRACION DE IMPUESTOS 
650 7 |b  RECAUDACION DE IMPUESTOS MUNICIAPALES 
650 7 |c  RECAUDACION TRIBUTARIA - NICARAGUA 
700 1 |a Tutor:  |b Guzmán, Luis Humberto 
942 |c BK  |2 ddc 
991 |a TESIS 
999 |c 21738